Online
Catalog

Hostos : (Record no. 37139)

MARC details
000 -CABECERA
campo de control de longitud fija 00962nam a2200253 a 4500
001 - NÚMERO DE CONTROL
campo de control 000037649
005 - FECHA Y HORA DE LA ÚLTIMA TRANSACCIÓN
campo de control 20201002031110.0
008 - DATOS DE LONGITUD FIJA--INFORMACIÓN GENERAL
campo de control de longitud fija 121023s200u pr 000 0 spa d
040 ## - FUENTE DE LA CATALOGACIÓN
Centro catalogador/agencia de origen DO-SdBNP
Lengua de catalogación spa
Centro/agencia transcriptor BNPHU
082 ## - NÚMERO DE LA CLASIFICACIÓN DECIMAL DEWEY
Número de clasificación PR864.509
Número de documento/Ítem H831LzR
049 ## - FONDOS LOCALES (OCLC)
Fondos de biblioteca BNPD
100 1# - ENTRADA PRINCIPAL--NOMBRE DE PERSONA
Nombre de persona Reyes Dávila, Marcos
9 (RLIN) 63317
245 10 - MENCIÓN DE TÍTULO
Título Hostos :
Resto del título Las luces peregrinas /
Mención de responsabilidad, etc. Marcos Reyes Dávila.
260 ## - PUBLICACIÓN, DISTRIBUCIÓN, ETC.
Lugar de publicación, distribución, etc. Humacao, Puerto Rico :
Nombre del editor, distribuidor, etc. Universidad de Puerto Rico en Humacao,
Fecha de publicación, distribución, etc. [20uu].
300 ## - DESCRIPCIÓN FÍSICA
Extensión 332 p. ;
Dimensiones 22 cm.
490 1# - MENCIÓN DE SERIE
Mención de serie Revista EXÉGESIS
590 ## - NOTA LOCAL (RLIN)
Nota local La biblioteca posee un ejemplar autografiado por el autor.
600 14 - PUNTO DE ACCESO ADICIONAL DE MATERIA--NOMBRE DE PERSONA
Nombre de persona HOSTOS Y BONILLA, EUGENIO MARÍA DE,
Fechas asociadas al nombre 1839-1903
Subdivisión general CRÍTICA E INTERPRETACIÓN
9 (RLIN) 54187
650 #4 - PUNTO DE ACCESO ADICIONAL DE MATERIA--TÉRMINO DE MATERIA
Término de materia o nombre geográfico como elemento de entrada Ensayos puertorriqueños
9 (RLIN) 8892
650 #4 - PUNTO DE ACCESO ADICIONAL DE MATERIA--TÉRMINO DE MATERIA
Término de materia o nombre geográfico como elemento de entrada Literatura puertorriqueña
9 (RLIN) 250
650 #4 - PUNTO DE ACCESO ADICIONAL DE MATERIA--TÉRMINO DE MATERIA
Término de materia o nombre geográfico como elemento de entrada Intelectuales
Subdivisión geográfica Puerto Rico
Subdivisión cronológica ENSAYOS, CONFERENCIAS, ETC.
9 (RLIN) 64122
830 #0 - PUNTO DE ACCESO ADICIONAL DE SERIE-TÍTULO UNIFORME
Título uniforme Revista EXÉGESIS
9 (RLIN) 64123
910 ## - DATOS DE OPCIÓN DEL USUARIO (OCLC)
Datos de opción del usuario Validado. Control de calidad EMS
Holdings
Estado de retiro Estado de pérdida Restricciones de uso No para préstamo Código de colección Localización permanente Ubicación/localización actual Ubicación en estantería Fecha de adquisición Número de inventario Total de préstamos Signatura topográfica completa Código de barras Fecha visto por última vez Precio válido a partir de Tipo de ítem Koha Número de copia
      Excluido de préstamo Monografías: Libros y Folletos General General Depósito 23.10.2012 LF1   PR864.509 H831LzR 37649-10 25.06.2020 25.06.2020 No se presta  
      Excluido de préstamo Monografías: Libros y Folletos General General Depósito 04.02.2014 LF1   PR864.509 H831LzR 37649-20 25.06.2020 25.06.2020 No se presta e. 2

Powered by Koha